Towards a new administrative doctrine: governance and management for the 1990's (Record no. 2094)

000 -LEADER
fixed length control field 01100pab a2200133 454500
008 - FIXED-LENGTH DATA ELEMENTS--GENERAL INFORMATION
fixed length control field 180718b xxu||||| |||| 00| 0 eng d
100 ## - MAIN ENTRY--PERSONAL NAME
Personal name Hummel, Ralph P
245 ## - TITLE STATEMENT
Title Towards a new administrative doctrine: governance and management for the 1990's
520 ## - SUMMARY, ETC.
Summary, etc. Three successive terms of market-oriented presidents raise difficulties for federal bureaucrats in legitimating past administrative doctrine and practices, where were government-centered. The present article responds to Charles Levine's call for a new administrative doctrine that is more fully descriptive of the needs and routines of today's federal civil servants than adoctrine based on either a liberal or neo-conservative ideology. The author introduces the concept of doctrine into public administration discourse in order to clarify the differences in ideology, and practices between an era of top-down Liberal progressiuism and the era of bottom-up neo-sonservative progressivism that dawned with the first
650 ## - SUBJECT ADDED ENTRY--TOPICAL TERM
Topical term or geographic name entry element U.S.A
650 ## - SUBJECT ADDED ENTRY--TOPICAL TERM
Topical term or geographic name entry element Public Administration
773 ## - HOST ITEM ENTRY
Main entry heading American Review of Public Administration
909 ## -
-- 2094
Holdings
Withdrawn status Lost status Damaged status Not for loan Permanent Location Current Location Date acquired Serial Enumeration / chronology Barcode Date last seen Price effective from Koha item type
        Indian Institute of Public Administration Indian Institute of Public Administration 2018-07-19 Issue no: 19(3), Sep.89, p.175-96 AR2094 2018-07-19 2018-07-19 Articles

Powered by Koha